[Event "RN-2019-0-01503"]
[Site "LSS email"]
[Date "2019.01.24"]
[Round "?"]
[White "Bortnicker, Justin"]
[Black "Cherry, Brian"]
[Result "1-0"]
[WhiteElo "900"]
[BlackElo "331"]
[PlyCount "45"]
[EventDate "2019.01.09"]
[EventType "tourn (corr)"]
[EventRounds "6"]
[EventCountry "GER"]
[SourceTitle "Corr 2022"]
[Source "ChessBase"]
[SourceDate "2021.10.24"]
[SourceVersion "1"]
[SourceVersionDate "2021.10.24"]
[SourceQuality "1"]

1. c4 e6 2. Nc3 Nf6 3. d3 Bb4 4. Bd2 0-0 5. Nf3 d5 6. cxd5 exd5 7. Qb3 Nc6 8. e3 Re8 9. Be2 Be6 10. d4 a6 11. Rd1 b5 12. a3 Bd6 13. 0-0 Ne7 14. Qc2 Bf5 15. Bd3 Qd7 16. h3 Bxh3 17. Ne5 Bxe5 18. dxe5 Qg4 19. g3 Bxf1 20. Rxf1 Ng6 21. exf6 gxf6 22. Nxd5 Nh4 23. Nxf6+ 1-0

[Event "RN-2019-0-01503"]
[Site "LSS email"]
[Date "2019.01.24"]
[Round "?"]
[White "Bortnicker, Justin"]
[Black "Vontina, Maria"]
[Result "1-0"]
[WhiteElo "900"]
[BlackElo "826"]
[PlyCount "53"]
[EventDate "2019.01.09"]
[EventType "tourn (corr)"]
[EventRounds "6"]
[EventCountry "GER"]
[SourceTitle "Corr 2022"]
[Source "ChessBase"]
[SourceDate "2021.10.24"]
[SourceVersion "1"]
[SourceVersionDate "2021.10.24"]
[SourceQuality "1"]

1. c4 Nf6 2. d4 d5 3. Nc3 e6 4. Bf4 Be7 5. Qc2 0-0 6. e4 dxe4 7. Nxe4 Nbd7 8. Nf3 Rb8 9. Bd3 b6 10. Ne5 Bb7 11. Nxd7 Nxd7 12. 0-0 g6 13. Bh6 Re8 14. Qd2 Nf6 15. Nc3 a6 16. Bc2 Qd6 17. Rad1 Rbd8 18. Bf4 Qd7 19. Rfe1 Bf8 20. Ne4 Nxe4 21. Bxe4 Bxe4 22. Rxe4 Bg7 23. Be5 Bxe5 24. Rxe5 c5 25. d5 exd5 26. Rxd5 Qxd5 27. cxd5 1-0